书目信息 |
| 题名: |
运营突破
|
|
| 作者: | 孟志强 著 | |
| 分册: | ||
| 出版信息: | 北京 中华工商联合出版社 2020.01 |
|
| 页数: | 250页 | |
| 开本: | 24cm | |
| 丛书名: | ||
| 单 册: | ||
| 中图分类: | F272 | |
| 科图分类: | ||
| 主题词: | 企业管理--qi ye guan li--研究 | |
| 电子资源: | ||
| ISBN: | 978-7-5158-2636-3 | |
| 000 | 01070nam0 2200253 450 | |
| 001 | CAL 0120202960322 | |
| 005 | 20200328163035.9 | |
| 010 | @a978-7-5158-2636-3@dCNY45.00 | |
| 100 | @a20200328d2020 em y0chiy0120 ea | |
| 101 | 0 | @achi |
| 102 | @aCN@b110000 | |
| 105 | @ay z 000yy | |
| 106 | @ar | |
| 200 | 1 | @a运营突破@Ayun ying tu po@e100个管理难题的落地解决方案@f孟志强著 |
| 210 | @a北京@c中华工商联合出版社@d2020.01 | |
| 215 | @a250页@d24cm | |
| 314 | @a孟志强, 北京时代兴邦企业管理顾问有限公司创始人等。 | |
| 330 | @a本书从战略、人才、运营、文化四个方面讲述了企业运营管理当中容易出现的问题, 并针对这些问题进行了分析探讨, 给出了具体可行的解决措施, 这些问题在中小型成长企业中有一定的代表性, 读者通过阅读本书, 能够进一步澄清模糊认识, 提高管理运营能力, 打造企业可持续发展的运营模式。 | |
| 517 | 1 | @a100个管理难题的落地解决方案@A100 ge guan li nan ti de luo di jie jue fang an |
| 606 | 0 | @a企业管理@Aqi ye guan li@x研究 |
| 690 | @aF272@v5 | |
| 701 | 0 | @a孟志强@Ameng zhi qiang@4著 |
| 801 | 0 | @aCN@b人天书店@c20200328 |
| 905 | @aTSG@b0002158@dF272@eM630@f2 | |
| 运营突破:100个管理难题的落地解决方案/孟志强著.-北京:中华工商联合出版社,2020.01 |
| 250页;24cm |
| ISBN 978-7-5158-2636-3:CNY45.00 |
| 本书从战略、人才、运营、文化四个方面讲述了企业运营管理当中容易出现的问题, 并针对这些问题进行了分析探讨, 给出了具体可行的解决措施, 这些问题在中小型成长企业中有一定的代表性, 读者通过阅读本书, 能够进一步澄清模糊认识, 提高管理运营能力, 打造企业可持续发展的运营模式。 |
| ● |
| 相关链接 |
|
|
|
正题名:运营突破
索取号:F272/M630
 
预约/预借
| 序号 | 登录号 | 条形码 | 馆藏地/架位号 | 状态 | 备注 |
| 1 | 1531505 | 215315059 | 社科库409/409社科库 87排2列5层/ [索取号:F272/M630] | 在馆 | |
| 2 | 1531506 | 215315068 | 社科库409/409社科库 87排2列5层/ [索取号:F272/M630] | 在馆 |